Statistics for Tove Lo Charting Songs (Billboard Hot 100)

Click here to take the quiz!

General Stats

  • This quiz has been taken 12 times
  • The average score is 4 of 6

Answer Stats

AlbumWeeks OnPeakArtist(s)Song% Correct
Truth Serum EP and Queen of the Clouds39 Weeks#3Tove LoHabits (Stay High)
80%
Queen of the Clouds30 Weeks#12Tove LoTalking Body
80%
Last Year Was Complicated20 Weeks#14Nick Jonas ft. Tove LoClose
70%
Forever20 Weeks#31Alesso ft. Tove LoHeroes (We Could Be)
60%
Lady Wood5 Weeks#84Tove LoCool Girl
50%
Skin4 Weeks#60Flume ft. Tove LoSay It
20%

Score Distribution

Percentile by Number Answered

Percent of People with Each Score

Your Score History

You have not taken this quiz